000 01247nam a22003497a 4500
003 CHAP
005 20220817042949.0
008 971013s1996 r 00010 d
010 _a61296
011 _a62268
035 _a66442
040 _cCHAP
090 _aTesis
100 0 0 _aSabido Lugo, Leopoldo Armando.
_9101104
245 _aDiagnóstico mineral del ganado bovino en el centro, sur y la costa de Yucatán
_b: I contenido mineral en suelo, forraje, agua y suplementos
260 _aChapingo, Méx. :
_bEl autor,
_c1996
300 _a72 h.
_b; mapas
502 _aTesis (Ing. Agr. Esp. en Zootecnia) -- UACH. Departamento de Zootecnia
590 _aALEPH
_b10
_c20130110
_lUCH01
_h1341
590 _aBATCH-UPD
_b10
_c20130110
_lUCH01
_h0722
590 _aBATCH-UPD
_b10
_c20130410
_lUCH01
_h0406
590 _aBATCH-UPD
_b10
_c20130914
_lUCH01
_h1431
590 _aCONVERSION
_b10
_c20130109
_lUCH01
_h1333
650 1 4 _aForrajes.
650 1 4 _aGanado vacuno
_xNutrición.
_945498
650 1 4 _aGanado vacuno
_xYucatán.
_945525
650 1 4 _aMinerales en nutrición animal.
_975937
901 _aBK
942 _cFOLL
949 _bBC
_cTES
_d-151631
_eTS1
_h29666
_i66442
_si
949 _bBC
_cTES
_d33724000623435
_eTS2
_fc.2
_h29667
_i66442
_si
999 _c61296
_d61296